Statistics for Shakespearean dying words

Click here to take the quiz!

General Stats

  • This quiz has been taken 86 times
  • The average score is 7 of 12

Answer Stats

HintAnswer% Correct
A horse! a horse! my kingdom for a horse!Richard III
92%
Et tu, Brute?— Then fall, Caesar!Caesar
89%
O Antony! Nay, I will take thee too: What should I stay.Cleopatra
87%
Thy drugs are quick. Thus with a kiss I die.Romeo
82%
This is thy sheath; there rest, and let me die.Juliet
61%
A Roman by a Roman valiantly vanquish'd. Now my spirit is going: I can no more.Antony
56%
I am slain! If thou be merciful, open the tomb, lay me with Juliet.Paris
50%
I kiss'd thee ere I kill'd thee: no way but this; Killing myself, to die upon a kiss.Othello
48%
The rest is silence.Hamlet
44%
And damn'd be him that first cries, "Hold, enough!"Macbeth
40%
Eating the flesh that she herself hath bred. 'Tis true, 'tis true; witness my knife's sharp point.Titus Andronicus
13%
Mine and my father's death come not upon thee, Nor thine on me.Laertes
11%

Score Distribution

Percentile by Number Answered

Percent of People with Each Score

Your Score History

You have not taken this quiz